00613nam a22002057a 450000500170000001000130001702000110003003500130004103700160005404000120007008200180008210000240010024500990012425000110022326000360023427000710027030000290034165000130037065000240038320170124110055.0 aA-949898 c250.00 aA-949898 bCen Lib/Ret aDPLbEN a616.0759bSIN aSinha, Binary Kumar aPost mortem techniques and diagnostic procedures with interpretations /cby Binary Kumar Sinha a2nd ed aPatnabPushpa Publicationc1998 aRoad No. -5, Quarter No.-3 Bihar Veterinary CollegebPatnae800014 a448p. : c21cm(Hb)bill. aDiseases aForensic laboratory